| 000 | 00560cam a2200205ua 4500 | ||
|---|---|---|---|
| 001 | 108 | ||
| 008 | 110318n ii |||gr||||Z||||||eng | ||
| 020 | _a978-81-203-0499-4 | ||
| 040 | _cMAIN | ||
| 082 | _a005 | ||
| 245 |
_aThe unix programming enviornment. _cBy Brian W. Kerninghan. |
||
| 250 | _a1st. | ||
| 260 |
_aNew Delhi.: _bPHI learning private ltd., _c2009. |
||
| 300 |
_ax,357 p.: _bill.; _c20 cm. |
||
| 653 | _aComputer Science. | ||
| 653 | _aThe unix programming enviornment. | ||
| 700 | 0 | _aKerninghan, Brian W., | |
| 700 | 1 | _aPike, Rob., | |
| 942 | _cBK | ||
| 999 |
_c98 _d98 |
||